000 00689nam a2200205 u 4500
001 000580699
003 AM-YeHGA
005 20250618073426.0
008 080512s1984 |||| |||||||||||||rus d
040 _aAM-YeHGA
041 0 _arus
100 1 _aАбрамов, Федор Александрович
_d1920-1983
245 1 0 _aДом :
_bРоман /
_cФ.А. Абрамов.
260 _aМосква :
_bСовременник,
_c1984.
300 _a239 с.
440 0 _aБиблиотека российского романа
650 1 4 _aХудожественная литература
_94918
650 1 4 _aДеревня - Север СССР (х. л.)
090 _c235673
999 _c234111
_d234111